000 00522nam a2200229Ia 4500
008 210210b1926 xxu||||| |||| 00| 0 eng d
041 _aeng
082 _a170/20
100 _aROGERS (Reginald AP)
245 _aShort history of ethics
_bGreek and modern
260 _aLondon
_bMacmillan & Co. Ltd.
_c1926
300 _axxii,303
650 _aShort
650 _aof
650 _amodern
650 _ahistory
650 _aGreek
650 _aethics
650 _aand
690 _aEthics
906 _a001229
999 _c116116
_d116116